000 00506nam a2200205Ia 4500
005 20250425161359.0
008 250425s9999 xx 000 0 und d
020 _a0201067706
041 _aeng
082 _a669
100 _aSCHUHMANN, REINHARDT
245 0 _aMETALLURGICAL ENGINEERING: ENGINEERING PRINCIPLES (VOLUME I)
250 _aS.E.
260 _aEstados Unidos
_bADDISON-WESLEY
_c1952
260 _aREADING
300 _a390
650 _aMETALURGIA
942 _c01
010 _a19009
999 _c208092
_d208092